[Event "Mazowiec-chT 1718"]
[Site "Warsaw"]
[Date "2018.02.18"]
[Round "7.12"]
[White "Trybula, Agata"]
[Black "Zimna, Dorota"]
[Result "1-0"]
[WhiteElo "1664"]
[BlackElo "1065"]
[PlyCount "77"]
[EventDate "2017.12.03"]
[EventType "team-tourn"]
[EventRounds "10"]
[EventCountry "POL"]
[SourceTitle "EXT 2020"]
[Source "ChessBase"]
[SourceDate "2019.10.17"]
[SourceVersion "1"]
[SourceVersionDate "2019.10.17"]
[SourceQuality "1"]

1. d4 d5 2. c4 Nf6 3. Nc3 e6 4. Nf3 b6 5. Bg5 Be7 6. cxd5 exd5 7. e3 0-0 8. Be2 Nbd7 9. 0-0 c5 10. Ne5 cxd4 11. exd4 Bb7 12. f4 Ne4 13. Bxe7 Qxe7 14. Bf3 Ndf6 15. Rc1 Qb4 16. Bxe4 dxe4 17. Qd2 Qd6 18. Nb5 Qd8 19. Qe3 Ba6 20. Nc6 Qd7 21. a4 Rfc8 22. Ne5 Qd5 23. Rxc8+ Rxc8 24. Nxa7 Rc2 25. Re1 Rxb2 26. Ra1 Rb3 27. Qd2 Rd3 28. Qb2 Rb3 29. Qd2 e3 30. Qe1 Rb2 31. Nf3 e2 32. Nb5 Bxb5 33. axb5 Qxb5 34. Qc1 h6 35. h3 Ne4 36. Ne5 Nf2 37. Qc8+ Kh7 38. Qf5+ Kg8 39. Ra8+ 1-0

[Event "Mazowiec-chT 1718"]
[Site "Warsaw"]
[Date "2018.01.07"]
[Round "4.12"]
[White "Trybula, Agata"]
[Black "Jarmuzynska, Kamila"]
[Result "1-0"]
[WhiteElo "1664"]
[BlackElo "1749"]
[PlyCount "85"]
[EventDate "2017.12.03"]
[EventType "team-tourn"]
[EventRounds "10"]
[EventCountry "POL"]
[SourceTitle "EXT 2020"]
[Source "ChessBase"]
[SourceDate "2019.10.17"]
[SourceVersion "1"]
[SourceVersionDate "2019.10.17"]
[SourceQuality "1"]

1. Nf3 Nf6 2. d3 c5 3. g3 Nc6 4. Bg2 d6 5. Nbd2 g6 6. c3 Bg7 7. 0-0 Bg4 8. Qb3 Qd7 9. Ng5 0-0 10. f3 Be6 11. Nxe6 fxe6 12. f4 d5 13. Bh3 b6 14. e4 Na5 15. Qd1 d4 16. Nf3 dxc3 17. bxc3 Ne8 18. Ng5 Nc7 19. Bb2 h6 20. Nf3 Rad8 21. Ne1 Nc4 22. Qe2 Nxb2 23. Qxb2 Kh7 24. Rc1 Nb5 25. e5 Nc7 26. c4 Na6 27. a3 Nb8 28. Bg2 Nc6 29. Be4 Nd4 30. Ng2 h5 31. h3 Bh6 32. Nh4 Rg8 33. Rb1 Nf5 34. Rf3 Rdf8 35. Ng2 Nd4 36. Rff1 Nf5 37. Kh2 Bg7 38. Qe2 Qa4 39. g4 Nd4 40. Qe1 Rh8 41. Nh4 Nf5 42. gxf5 exf5 43. Bd5 1-0

[Event "Mazowiec-chT 1617"]
[Site "Warsaw"]
[Date "2017.01.29"]
[Round "7.14"]
[White "Trybula, Agata"]
[Black "Koziol, Pawel"]
[Result "0-1"]
[WhiteElo "1693"]
[BlackElo "1862"]
[PlyCount "104"]
[EventDate "2016.12.11"]
[EventType "team-tourn"]
[EventRounds "10"]
[EventCountry "POL"]
[SourceTitle "EXT 2019"]
[Source "ChessBase"]
[SourceDate "2018.10.10"]
[SourceVersion "1"]
[SourceVersionDate "2018.10.10"]
[SourceQuality "1"]

1. d4 Nf6 2. c4 d6 3. Nf3 Nbd7 4. Nc3 e5 5. e4 Be7 6. Be2 0-0 7. 0-0 c6 8. h3 Qe8 9. Be3 Bd8 10. Qc2 Ba5 11. dxe5 dxe5 12. Na4 Qe7 13. a3 Re8 14. b4 Bc7 15. Rfd1 b6 16. c5 b5 17. Nb2 a5 18. a4 axb4 19. axb5 Rxa1 20. Rxa1 b3 21. Qxb3 Nxc5 22. Bxc5 Qxc5 23. Na4 Qe7 24. b6 Bd6 25. Nc3 Bb8 26. Bc4 h6 27. Ne1 Nh5 28. Nd3 Rf8 29. Qa3 Qg5 30. Qc1 Nf4 31. Nxf4 exf4 32. Kf1 Qc5 33. Na4 Qh5 34. Be2 Qe5 35. Bf3 Rd8 36. Nc5 Bd6 37. Ra5 Qd4 38. Kg1 Qb4 39. Qa3 Qxb6 40. Qc3 Be5 41. Qa3 Kh7 42. Nd7 Bxd7 43. Rxe5 Be6 44. Ra5 Rd2 45. Qc5 Qb1+ 46. Kh2 Rc2 47. Qd4 Rc1 48. g3 fxg3+ 49. Kxg3 Rg1+ 50. Kf4 g5+ 51. Ke5 Qb8+ 52. Qd6 Qh8# 0-1

[Event "Mazowiec-chT 1617"]
[Site "Warsaw"]
[Date "2017.01.08"]
[Round "3.4"]
[White "Trybula, Agata"]
[Black "Kaczmarska, Joanna"]
[Result "1/2-1/2"]
[WhiteElo "1693"]
[BlackElo "1862"]
[PlyCount "101"]
[EventDate "2016.12.11"]
[EventType "team-tourn"]
[EventRounds "10"]
[EventCountry "POL"]
[SourceTitle "EXT 2019"]
[Source "ChessBase"]
[SourceDate "2018.10.10"]
[SourceVersion "1"]
[SourceVersionDate "2018.10.10"]
[SourceQuality "1"]

1. d4 d5 2. c4 e6 3. Nf3 Nf6 4. Nc3 Be7 5. e3 b6 6. Be2 Bb7 7. b3 0-0 8. 0-0 Nbd7 9. Qc2 c5 10. Ba3 Rc8 11. dxc5 dxc4 12. bxc4 Bxc5 13. Bb2 Qe7 14. Rfd1 Bb4 15. Nb5 a6 16. Nbd4 e5 17. Nf5 Qe6 18. Ng5 Qe8 19. a3 Bc5 20. Rd2 h6 21. Nh3 Qe6 22. Ng3 b5 23. Rad1 Nb6 24. Qf5 Qxf5 25. Nxf5 Nxc4 26. Bxc4 bxc4 27. Bxe5 Ne4 28. Rc2 Rfd8 29. Rb1 f6 30. Bd4 Bxd4 31. exd4 Rd7 32. f3 Ng5 33. Nf4 Kh7 34. Kf2 Rcc7 35. h4 Ne4+ 36. Ke3 Nd6 37. Nxd6 Rxd6 38. Rb4 Re7+ 39. Kf2 Rxd4 40. Rbxc4 Rd6 41. h5 Rd1 42. Rc7 Rdd7 43. Rxd7 Rxd7 44. Ng6 Kg8 45. Re2 Kf7 46. Nh8+ Kf8 47. Ng6+ Kf7 48. g4 Bd5 49. Nh8+ Kf8 50. Ng6+ Kf7 51. Nh8+ 1/2-1/2

[Event "Warsaw YMCA Spring-C 169th"]
[Site "Warsaw"]
[Date "2016.05.04"]
[Round "5"]
[White "Trybula, Agata"]
[Black "Wilczynski, Adam"]
[Result "1-0"]
[WhiteElo "1711"]
[BlackElo "1651"]
[PlyCount "139"]
[EventDate "2016.04.06"]
[EventType "tourn"]
[EventRounds "13"]
[EventCountry "POL"]
[SourceTitle "EXT 2019"]
[Source "ChessBase"]
[SourceDate "2018.10.10"]
[SourceVersion "1"]
[SourceVersionDate "2018.10.10"]
[SourceQuality "1"]

1. d4 Nf6 2. Nf3 e6 3. c4 b6 4. g3 Ba6 5. Qc2 c5 6. Bg2 Bb7 7. e3 Nc6 8. dxc5 Bxc5 9. a3 Ne5 10. Nbd2 a5 11. 0-0 Nxf3+ 12. Bxf3 Bxf3 13. Nxf3 0-0 14. b3 d5 15. Rd1 Qc8 16. Bb2 Be7 17. Rac1 dxc4 18. bxc4 Qb7 19. Ng5 h6 20. Bxf6 hxg5 21. Bxe7 Qxe7 22. a4 Rfd8 23. Rd4 Rdc8 24. Rcd1 Ra7 25. Qb1 Qc7 26. Qb5 Qc5 27. Rd8+ Rxd8 28. Rxd8+ Kh7 29. Qxc5 bxc5 30. Rc8 Kg6 31. Rxc5 f5 32. h3 Kf6 33. Rb5 Ke7 34. c5 Kd7 35. Kf1 Kc6 36. Ke2 e5 37. h4 gxh4 38. gxh4 e4 39. h5 Rb7 40. Rxa5 Rb2+ 41. Kf1 Rc2 42. Ra7 Rxc5 43. Rxg7 f4 44. Rg6+ Kb7 45. exf4 Rxh5 46. Rg5 Rh3 47. Re5 Ra3 48. Rxe4 Kc7 49. Kg2 Kd7 50. f5 Rc3 51. f6 Rc6 52. Rf4 Ke8 53. Kg3 Kf7 54. a5 Rd6 55. Kg4 Ra6 56. Rf5 Rc6 57. Kg5 Rc1 58. Rb5 Ra1 59. Rb7+ Kf8 60. Kg6 Rg1+ 61. Kf5 Ra1 62. Ra7 Rb1 63. a6 Ra1 64. Ra8+ Kf7 65. a7 Ra4 66. Rh8 Ra5+ 67. Kg4 Ra4+ 68. f4 Ra6 69. a8Q Kg6 70. Qg8+ 1-0

[Event "Warsaw YMCA Spring-C 169th"]
[Site "Warsaw"]
[Date "2016.05.02"]
[Round "12"]
[White "Trybula, Agata"]
[Black "Sentowski, Sebastian"]
[Result "0-1"]
[WhiteElo "1711"]
[BlackElo "1698"]
[PlyCount "218"]
[EventDate "2016.04.06"]
[EventType "tourn"]
[EventRounds "13"]
[EventCountry "POL"]
[SourceTitle "EXT 2019"]
[Source "ChessBase"]
[SourceDate "2018.10.10"]
[SourceVersion "1"]
[SourceVersionDate "2018.10.10"]
[SourceQuality "1"]

1. Nf3 Nf6 2. d4 g6 3. c4 Bg7 4. Nc3 0-0 5. e4 d6 6. Be2 c5 7. d5 Nbd7 8. 0-0 a6 9. a3 Rb8 10. Qc2 Re8 11. Rd1 Ng4 12. Ng5 Ndf6 13. h3 Ne5 14. f4 Ned7 15. Be3 h6 16. Nf3 Nf8 17. Rac1 Qa5 18. b4 cxb4 19. axb4 Qc7 20. Bd4 Nh5 21. Be3 Ng3 22. Kh2 Bxc3 23. Kxg3 Bxb4 24. Qa4 Bc5 25. Bxc5 Bd7 26. Bxd6 Qxd6 27. Qa1 g5 28. Qe5 gxf4+ 29. Qxf4 Qxf4+ 30. Kxf4 Ng6+ 31. Kg3 e5 32. c5 Nf4 33. Bf1 Kh7 34. Kf2 f6 35. c6 bxc6 36. dxc6 Rb2+ 37. Ke1 Bc8 38. Nd2 Rg8 39. g4 h5 40. Nc4 Ng2+ 41. Bxg2 Rxg2 42. Kf1 Rh2 43. Nb6 hxg4 44. Kg1 Rb2 45. Nc4 gxh3+ 46. Kh1 Re2 47. Rg1 Rxg1+ 48. Kxg1 h2+ 49. Kh1 Bg4 50. Rf1 Rxe4 51. Nd6 Re2 52. Rxf6 Rc2 53. c7 Rxc7 54. Kxh2 Re7 55. Ne4 Be2 56. Nc5 Kg7 57. Rb6 a5 58. Rb2 Bc4 59. Rc2 Bf7 60. Re2 Bg6 61. Ra2 Ra7 62. Kg3 Kf6 63. Kf3 Bf7 64. Ra3 Bd5+ 65. Ke3 Bc6 66. Rb3 Bd5 67. Rd3 Bf7 68. Ra3 Kf5 69. Ne4 a4 70. Nd6+ Ke6 71. Nb5 Ra5 72. Nc3 Be8 73. Nd1 Ra7 74. Nb2 Rh7 75. Kd2 Rh2+ 76. Kc1 Rh4 77. Re3 Bb5 78. Nd1 Rh2 79. Nc3 Bc6 80. Kb1 Kf5 81. Ne2 a3 82. Ka1 Bd5 83. Ng3+ Kf4 84. Rxa3 Ra2+ 85. Rxa2 Bxa2 86. Ne2+ Ke3 87. Nc3 Bc4 88. Kb2 Kd3 89. Nd1 Bd5 90. Kc1 Bf3 91. Nb2+ Kd4 92. Kd2 e4 93. Na4 e3+ 94. Ke1 Be4 95. Nb6 Bc6 96. Nc8 Bb5 97. Ne7 Ke5 98. Ng6+ Kf5 99. Nh4+ Ke4 100. Ng2 e2 101. Kd2 Kf3 102. Ne1+ Kf2 103. Nc2 Ba4 104. Ne1 Bb5 105. Nc2 Be8 106. Ne1 Bg6 107. Ng2 Bf5 108. Ne1 Be4 109. Ng2 Bxg2 0-1

[Event "Mazowiec-chT 1516"]
[Site "Poland"]
[Date "2016.01.24"]
[Round "4.8"]
[White "Sentowski, Sebastian"]
[Black "Trybula, Agata"]
[Result "1-0"]
[WhiteElo "1682"]
[BlackElo "1710"]
[PlyCount "109"]
[EventDate "2015.12.13"]
[EventType "team-tourn"]
[EventRounds "7"]
[EventCountry "POL"]
[SourceTitle "EXT 2019"]
[Source "ChessBase"]
[SourceDate "2018.10.10"]
[SourceVersion "1"]
[SourceVersionDate "2018.10.10"]
[SourceQuality "1"]
[WhiteTeam "Zielonka Zieloni II"]
[BlackTeam "Warszawa Entropia"]
[WhiteTeamCountry "POL"]
[BlackTeamCountry "POL"]

1. b3 d6 2. Bb2 e5 3. e3 Nf6 4. c4 Nbd7 5. d4 c6 6. Nf3 e4 7. Nfd2 d5 8. Nc3 g6 9. Be2 Bg7 10. Ba3 Bf8 11. Bb2 Bd6 12. cxd5 cxd5 13. Nb5 Be7 14. Qc1 0-0 15. Ba3 a6 16. Bxe7 Qxe7 17. Qa3 Re8 18. Rc1 Qxa3 19. Nxa3 Nb8 20. f3 Nc6 21. fxe4 Nxe4 22. Nxe4 Rxe4 23. Kd2 Bg4 24. Bf3 Bxf3 25. gxf3 Re6 26. Rc5 Rae8 27. Nc2 Rd6 28. a3 b6 29. Rc3 Ne7 30. e4 Re6 31. Re1 f6 32. Rc7 h5 33. Kd3 Kf8 34. Rg1 g5 35. Nb4 dxe4+ 36. fxe4 a5 37. Nc2 Ng6 38. e5 Nf4+ 39. Kc4 R8e7 40. Rc8+ Kf7 41. exf6 Kxf6 42. Rf8+ Rf7 43. Rxf7+ Kxf7 44. d5 Rd6 45. Rxg5 Kf6 46. h4 Rd8 47. Nd4 Rc8+ 48. Kb5 Ke7 49. Nc6+ Kd6 50. Kxb6 Ra8 51. Kb7 Rh8 52. Nxa5 Nxd5 53. Nc4+ Ke6 54. Re5+ Kf6 55. Rxd5 1-0

[Event "Mazowiec-chT 1516"]
[Site "Poland"]
[Date "2016.01.10"]
[Round "2.20"]
[White "Redzisz, Michal"]
[Black "Trybula, Agata"]
[Result "0-1"]
[WhiteElo "1588"]
[BlackElo "1710"]
[PlyCount "102"]
[EventDate "2015.12.13"]
[EventType "team-tourn"]
[EventRounds "7"]
[EventCountry "POL"]
[SourceTitle "EXT 2019"]
[Source "ChessBase"]
[SourceDate "2018.10.10"]
[SourceVersion "1"]
[SourceVersionDate "2018.10.10"]
[SourceQuality "1"]
[WhiteTeam "Chylice Laura"]
[BlackTeam "Warszawa Entropia"]
[WhiteTeamCountry "POL"]
[BlackTeamCountry "POL"]

1. e4 d6 2. d4 Nf6 3. Nc3 Nbd7 4. Nf3 e5 5. Be2 Be7 6. 0-0 0-0 7. Be3 c6 8. Qd2 Ng4 9. d5 Nxe3 10. Qxe3 Nb6 11. Rfd1 Qc7 12. Ne1 f5 13. f3 cxd5 14. exd5 a6 15. a4 Nd7 16. Na2 f4 17. Qc3 Qb6+ 18. Kh1 Bf6 19. Qb4 Qc7 20. Nc3 Nc5 21. Qc4 a5 22. Nb5 Qd8 23. c3 b6 24. b4 Na6 25. bxa5 bxa5 26. Qc6 Bf5 27. Qxd6 Bg6 28. Qxd8 Rfxd8 29. c4 e4 30. Nd4 Nc5 31. Ra3 Ra6 32. Nb3 Be7 33. Nxc5 Bxc5 34. Rb3 exf3 35. Bxf3 Be8 36. Ra1 Ra7 37. Nd3 Bd4 38. Re1 g5 39. Ra3 Rc7 40. d6 Rcc8 41. Bd5+ Kf8 42. Re4 Be3 43. Re6 Rb8 44. g3 Rb1+ 45. Kg2 g4 46. Nf2 f3+ 47. Bxf3 gxf3+ 48. Kxf3 Bc5 49. Rd3 Rf1 50. Rd2 Bc6+ 51. Kg4 Bd7 0-1

[Event "Warsaw Najdorf Memorial op-B 13th"]
[Site "Warsaw"]
[Date "2015.07.17"]
[Round "8"]
[White "Harazinska, Ewa"]
[Black "Trybula, Agata"]
[Result "1-0"]
[WhiteElo "2034"]
[BlackElo "1593"]
[PlyCount "129"]
[EventDate "2015.07.10"]
[EventType "swiss"]
[EventRounds "9"]
[EventCountry "POL"]
[SourceTitle "CBM 167 Extra"]
[Source "ChessBase"]
[SourceDate "2015.09.14"]
[SourceVersion "1"]
[SourceVersionDate "2015.09.14"]
[SourceQuality "1"]

1. d4 Nf6 2. c4 d6 3. Nf3 Nbd7 4. Nc3 e5 5. e4 Be7 6. Be2 0-0 7. 0-0 c6 8. Be3 Ng4 9. Bd2 Qb6 10. h3 Ngf6 11. c5 Qc7 12. dxe5 Nxe5 13. Nxe5 dxe5 14. Be3 Be6 15. Qc2 Rad8 16. b4 Nd7 17. Na4 Rfe8 18. Nb2 b5 19. cxb6 axb6 20. b5 Bc5 21. Bxc5 Nxc5 22. a4 Rd4 23. f3 Red8 24. Qc3 cxb5 25. Bxb5 Qd6 26. Rad1 Bb3 27. Rxd4 Qxd4+ 28. Qxd4 exd4 29. Ra1 d3 30. a5 bxa5 31. Rxa5 Bc2 32. Bc4 Rc8 33. Kf2 d2 34. Ke2 Bb3 35. Bxb3 Nxb3 36. Ra3 Rb8 37. Nc4 g6 38. g4 Rd8 39. Kd1 Rd3 40. Na5 Nc5 41. Rxd3 Nxd3 42. Kxd2 Nf4 43. h4 h5 44. Ke3 Ne6 45. gxh5 gxh5 46. Nb3 Nf8 47. Kf4 f6 48. Nd4 Kf7 49. Nf5 Ng6+ 50. Ke3 Ne5 51. Ng3 Nc4+ 52. Ke2 Kg6 53. f4 Nd6 54. Kd3 f5 55. Nxf5 Nxf5 56. exf5+ Kxf5 57. Ke3 Kg4 58. Ke4 Kxh4 59. Kf3 Kh3 60. f5 Kh2 61. f6 h4 62. f7 h3 63. f8Q Kg1 64. Kg3 h2 65. Qf2+ 1-0